| 000 | 00370nam a2200145Ia 4500 | ||
|---|---|---|---|
| 008 | 210210b1984 xxu||||| |||| 00| 0 eng d | ||
| 020 | _a0 7069 2616 1 | ||
| 082 | _a320 NANP | ||
| 100 | _aNANDA (S) & Others. | ||
| 245 | _aPolitical science. | ||
| 260 |
_aDelhi _bMadhuban educational books _c1984 |
||
| 300 | _aviii,121 | ||
| 690 | _aPolitical Theory | ||
| 906 | _a037731 | ||
| 999 |
_c88189 _d88189 |
||